Bienvenue à la Médiathèque de Saint-Andiol
banniere
Accueil Recherche avancée Mon compte
handi1 Rechercher dans le catalogue

Filtre   Mots-clés
  Recherche avancée
 
Lister les dernières nouveautés
 
Lister les livres GROS CARACTERES
 
Lister les périodiques (magazines)

handi1 Contes de Noël

et autres textes

Book Cover
Auteur principal : Dino Buzzati
Autres auteurs : Delphine Gachet
Titre : Contes de Noël
Support : Livres
Langue : Francais
Publié : 2022 R. Laffont Paris
Genre : Roman
Collection : Pavillons
Sujets :
Étiquettes :
Pas de tags
LEADER 01160nam0a2200265 450
001 16868227
010 |a 978-2-221-25163-8  |b br.  |d 20 € 
100 |a 20220620d2022 u u0frey01 ba 
101 1 |a fre  |c fre 
102 |a FR 
200 0 |a Contes de Noël  |e et autres textes  |f Dino Buzzati  |g traduit de l'italien par Delphine Gachet - préface Delphine Gachet 
207 1 |a   
210 |a Paris  |c R. Laffont  |d 2022 
215 |a 1 vol. (257 p.)  |d 19 x 12 cm 
225 1 |a Pavillons 
330 |a Recueil de 33 nouvelles et articles consacrés au thème de Noël. Fasciné par ce sujet et émerveillé par cette fête qu'il considère comme la plus importante de la société, l'écrivain relate le souvenir de son premier Noël sans son père, livre sa réflexion sur l'art du cadeau, écrit un conte de fées ou encore un poème sur l'Enfant Jésus. 
606 0 |a Noël 
608 |a Anthologies 
608 |a Nouvelles italiennes 
676 |a 858 
700 0 |a Buzzati  |b Dino  |4 70 
702 0 |a Gachet  |b Delphine  |4 730 
900 |a Roman 
901 |a Adultes 
995 |a Médiathèque  |c Médiathèque  |f 00156010427011  |h 00156010427011  |k R BUZ  |o p  |q a  |r az  |e Médiathèque